000 00372pab a2200145 454500
008 180718b2015 xxu||||| |||| 00| 0 eng d
100 _aBhardwaj, Atul
245 _aSilk routes versus sea lanes: the return of landlubbers
260 _c2015
300 _ap.10-16.
362 _a30 May
650 _aRoads
773 _aEconomic and Political Weekly
909 _a108628
999 _c108623
_d108623